000 00500 a2200181 4500
999 _c4788
_d4788
020 _a1779090021
050 0 0 _aPR9390 KHA 1997
100 1 _aKanengoni, Alexander.
_eauthor
245 1 0 _aEchoing silences /
_cAlexander Kanengoni.
264 _aHarare :
_bBaobab Books,
_c1997.
300 _a90 p. :
_bill. ;
500 _anovel
650 _aFiction
650 _aHistory of liberation struggle
651 _aZimbabwe
942 _2lcc
_cBK
_h9390
_iKHA
_k1997